Pays de l'Himalaya - Statistiques

Statistiques générales
  • Ce quiz a été pris 26 604 fois
  • Le résultat moyen est 6 sur 7
Statistiques - réponses
Pays % Correct
Chine
97%
Népal
97%
Inde
94%
Pakistan
86%
Bhoutan
81%
Afghanistan
71%
Birmanie
62%
Aucun quiz correspondant
Distribution des résultats
% des personnes avec chaque résultat
Percentile par nombre de réponses
Votre historique - résultats
Vous n’avez pas pris ce quiz